Quizlendrier de l'Avent #23 - Test de rapidité - Noël - Statistiques

Statistiques générales
  • Ce quiz a été pris 3 393 fois
  • Le résultat moyen est 13 sur 30
Statistiques - réponses
Réponses % Correct
Noël
100%
Noël
94%
Noël
93%
Noël
91%
Noël
90%
Noël
87%
Noël
85%
Noël
83%
Noël
79%
Noël
75%
Noël
71%
Noël
65%
Noël
58%
Noël
50%
Noël
41%
Noël
34%
Noël
27%
Noël
22%
Noël
16%
Noël
13%
Noël
10%
Noël
8%
Noël
7%
Noël
6%
Noël
6%
Noël
6%
Noël
6%
Noël
6%
Noël
6%
Noël
5%
Aucun quiz correspondant
Distribution des résultats
% des personnes avec chaque résultat
Percentile par nombre de réponses
Votre historique - résultats
Vous n’avez pas pris ce quiz